El mundo antiguo
Guardat en:
| Autor principal: | |
|---|---|
| Format: | Llibre |
| Idioma: | espanyol |
| Publicat: |
Buenos Aires
EUDEBA
1965
|
| Col·lecció: | Lectores de Eudeba, 66
|
| Matèries: | |
| Etiquetes: |
Afegir etiqueta
Sense etiquetes, Sigues el primer a etiquetar aquest registre!
|
MARC
| LEADER | 00000nam a2200000 a 4500 | ||
|---|---|---|---|
| 001 | UCP9733 | ||
| 003 | CL-VaPUC | ||
| 005 | 20241014131057.0 | ||
| 008 | 000331e19650000AG |||||||||||||||||spa|d | ||
| 999 | |c 286519 |d 286517 | ||
| 040 | |c Pontificia Universidad Católica de Valparaíso | ||
| 082 | 0 | 4 | |a 930 |b GLO |2 21 |
| 100 | |a Glover, T. R |e author |9 463484 | ||
| 245 | 1 | 3 | |a El mundo antiguo |
| 260 | |a Buenos Aires |b EUDEBA |c 1965 | ||
| 300 | |a 391 p | ||
| 490 | 0 | |a Lectores de Eudeba, 66 | |
| 583 | |a last modification |c 20180417 03:23:24 |k Rodrigo Vera | ||
| 600 | 0 | |a Magno, Alejandro |9 318232 | |
| 600 | 0 | 7 | |a Julio César |d 100 A.C.-44 A.C. |9 858621 |
| 600 | 0 | |a Augusto |d 63 a.C.-14 d.C |9 319472 | |
| 650 | 0 | |a Historia antigua |9 267521 | |
| 650 | 0 | |a Asirios |9 438919 | |
| 650 | 0 | |a Imperio Persa |9 438880 | |
| 650 | 0 | |a Ciudades |9 265474 | |
| 650 | 7 | |a GUERRA DEL PELOPONESO |2 CL-VaPUC |9 405685 | |
| 650 | 0 | |a Guerras médicas |9 405682 | |
| 650 | 0 | |a Helenismo |9 267485 | |
| 650 | 0 | |a Imperio Romano |9 322785 | |
| 650 | 7 | |a IGLESIA CRISTIANA |2 CL-VaPUC |9 403222 | |
| 651 | 0 | |a Grecia |9 265314 | |
| 651 | 0 | |a Roma |9 255106 | |
| 651 | 0 | |a Egipto |9 268199 | |
| 651 | 0 | |a Cartago |9 320485 | |
| 852 | |a BIBCUR | ||
| 942 | |c BK |2 ddc | ||
| 945 | |d 20000331 00:00:00 |a rherrera | ||
| 952 | |0 0 |1 0 |4 0 |6 930_000000000000000_GLO_1965 |7 0 |8 A |9 332503 |a BIBHIS |b BIBHIS |d 2019-11-20 |i 1261363 |o 930 GLO 1965 |p 1261363 |r 2025-01-20 |w 2019-11-20 |y BK |k HIS | ||
| 952 | |0 0 |1 0 |4 0 |6 930_000000000000000_GLO_1965 |7 0 |8 A |9 332504 |a BIBHIS |b BIBHIS |d 2019-11-20 |i 1261371 |o 930 GLO 1965 |p 1261371 |r 2025-01-20 |w 2019-11-20 |y BK |k HIS | ||